| 000 | 00798nam a22002177i 4500 | ||
|---|---|---|---|
| 999 |
_c22996 _d22996 |
||
| 003 | AR-CdUCM | ||
| 008 | 240822b20212021 pe||||| |||| 00| 0 spa d | ||
| 020 | _a978-612-4392-41-2 | ||
| 040 |
_aMUNICIPALIDAD PROVINCIAL DEL CUSCO _cBIBLIOTECA MUNICIPAL DEL CUSCO |
||
| 082 |
_a158.7 / O41M _bO41M |
||
| 100 |
_aOlarte Sotomayor, Midwar. _950228 |
||
| 245 |
_aManual MOS : _btest de riesgos psicosociales / |
||
| 260 |
_aCusco : _bUniversidad Andina del Cusco, _c2021 |
||
| 300 |
_a80 páginas. : _c21 cm. |
||
| 505 | _aRiesgos psicosociales -- Riesgo corporativo -- Riesgo laboral -- Riesgo personal | ||
| 650 |
_aFundamentación teórica _950229 |
||
| 650 |
_aFundamentación estadística _950230 |
||
| 650 |
_aNormas de interpretación _950231 |
||
| 942 |
_2ddc _cLIBROS |
||
| 945 |
_apbj _d2024-08-22 |
||